005650000a2200109000450024500160000030000490001652002470006577300280031294200080034095200900034899900170043810aReflexiones aVol.0, núm.3 (Junio, 2004), Páginas 8-10 aPaz como cultura. ¿Cuál es el papel de la Universidad en la construcción de Cultura de Paz? ¿Cómo se vive la Cultura de Paz en la cotidianeidad de la universidad? Las riquezas y las ausencias en la variedad de iniciativas en curso.0 tEducación para la paz cANA 001040708HEMaFUSBCbFUSBCd2016-01-26l0o r2016-01-26 00:00:00w2016-01-26yANA c60190d60190